[Event "Frankfurt Ch A 2017"]
[Site "Ffm-Höchst, BiKuZ"]
[Date "2017.05.22"]
[Round "5.15"]
[White "Nagelsdiek, Ralf"]
[Black "Stock, Jürgen"]
[Result "1-0"]
[WhiteElo "2003"]
[BlackElo "1831"]
[PlyCount "59"]
[EventDate "2017.??.??"]
[WhiteTeam "SC Bad Soden"]
[BlackTeam "SC Eschborn"]

1. Nf3 d5 2. c4 Nf6 3. g3 b6 4. Bg2 Bb7 5. Ne5 e6 6. Qa4+ c6 7. d4 Be7 8. cxd5
Nxd5 9. O-O O-O 10. Rd1 b5 11. Qb3 a5 12. e4 a4 13. Qc2 Nb4 14. Qe2 f6 15. Ng4
Qc8 16. a3 N4a6 17. Nc3 Nd7 18. Bh3 Nb6 19. d5 f5 20. exf5 Nxd5 21. Nxd5 cxd5
22. fxe6 Nc5 23. Bf4 Nb3 24. Qxb5 Nxa1 25. Rxa1 Bc6 26. Qd3 Qxe6 27. Nh6+ Qxh6
28. Bxh6 gxh6 29. Be6+ Kg7 30. Qc3+ 1-0

[Event "Frankfurt Ch A 2017"]
[Site "Ffm-Höchst, BiKuZ"]
[Date "2017.05.22"]
[Round "5.16"]
[White "Fucik, Timo"]
[Black "Kretner, Georg-Ulrich"]
[Result "1-0"]
[WhiteElo "2003"]
[BlackElo "1816"]
[PlyCount "73"]
[EventDate "2017.??.??"]
[WhiteTeam "SK Ettlingen"]
[BlackTeam "SC Bad Nauheim"]

1. d4 g6 2. g3 Bg7 3. Bg2 Nf6 4. c4 O-O 5. Nc3 d6 6. e4 Nbd7 7. Nge2 a6 8. f3
Rb8 9. a4 b6 10. O-O e5 11. Be3 Re8 12. d5 a5 13. Nb5 Ra8 14. Qd2 Nc5 15. Ra3
Bd7 16. Rfa1 Na6 17. Nc1 Qc8 18. Nd3 Bh3 19. b4 Bxg2 20. Kxg2 Nxb4 21. Nxb4
axb4 22. Qxb4 Ra5 23. Nxc7 Rc5 24. Nxe8 Rxc4 25. Nxf6+ Bxf6 26. Qe1 Rc2+ 27.
Kg1 Qh3 28. Bf2 Bg5 29. R3a2 Rc4 30. Qf1 Qc8 31. h4 Bh6 32. Kg2 f5 33. Qe2 fxe4
34. fxe4 Rb4 35. Rc2 Qa8 36. Qg4 Qxd5 37. Qc8+ 1-0

[Event "Frankfurt Ch A 2017"]
[Site "Ffm-Höchst, BiKuZ"]
[Date "2017.05.22"]
[Round "5.17"]
[White "Fröhlich-Dill, Astrid"]
[Black "Bischoff, Ulrich"]
[Result "0-1"]
[WhiteElo "1810"]
[BlackElo "1981"]
[PlyCount "107"]
[EventDate "2017.??.??"]
[WhiteTeam "SV Hofheim"]
[BlackTeam "Sfr. Erbach"]

1. d4 d5 2. Nf3 Nf6 3. c4 c6 4. Nc3 a6 5. c5 Nbd7 6. Bf4 Nh5 7. Be3 Nhf6 8. h3
Qc7 9. g3 e5 10. Nxe5 Nxe5 11. dxe5 Nd7 12. f4 Bxc5 13. Bxc5 Nxc5 14. Bg2 O-O
15. Qd4 Ne6 16. Qf2 Rd8 17. O-O a5 18. Rac1 Qe7 19. a3 a4 20. f5 Nf8 21. Qf4
Re8 22. Nxa4 Qxe5 23. Qxe5 Rxe5 24. Nb6 Rb8 25. Nxc8 Rxc8 26. Rc2 Rce8 27. Rf2
Nd7 28. g4 h6 29. Kf1 Nb6 30. Bf3 Nc4 31. Kg1 Re3 32. Rf1 Rb3 33. h4 Ne3 34.
Rfc1 Nxc2 35. Rxc2 Ra8 36. Kf2 Ra4 37. g5 Kh7 38. Kg3 Rc4 39. Rd2 Rc1 40. Kf4
Rc4+ 41. e4 Rxf3+ 42. Kxf3 Rxe4 43. Rh2 h5 44. b4 Kg8 45. g6 fxg6 46. fxg6 Kf8
47. Rf2 Re6 48. Rg2 Re4 49. Rg5 Rxh4 50. Rf5+ Kg8 51. Rf7 Rg4 52. Rxb7 Rxg6 53.
b5 cxb5 54. Rxb5 0-1

[Event "Frankfurt Ch A 2017"]
[Site "Ffm-Höchst, BiKuZ"]
[Date "2017.05.22"]
[Round "5.18"]
[White "Gräbner, Walter"]
[Black "Menning, Uwe"]
[Result "1/2-1/2"]
[WhiteElo "1944"]
[BlackElo "1795"]
[PlyCount "197"]
[EventDate "2017.??.??"]
[WhiteTeam "SC Nied"]
[BlackTeam "FC Bierstadt"]

1. e4 c6 2. d4 d5 3. Nc3 dxe4 4. Nxe4 Bf5 5. Ng3 Bg6 6. h4 h6 7. h5 Bh7 8. Nf3
e6 9. Bd3 Bxd3 10. Qxd3 Nf6 11. Bf4 Be7 12. Ne4 Nxe4 13. Qxe4 Qd5 14. Qxd5 cxd5
15. O-O-O Nd7 16. g4 Nf6 17. Ne5 Rd8 18. f3 Bd6 19. g5 Bxe5 20. Bxe5 hxg5 21.
Rdg1 Rxh5 22. Rxh5 Nxh5 23. Rxg5 g6 24. Rg2 Ke7 25. Kd2 f6 26. Bc7 Rc8 27. Bh2
Kf7 28. Bg1 Rh8 29. Rh2 g5 30. Be3 Kg6 31. a4 Rh7 32. b3 Ng7 33. Rxh7 Kxh7 34.
c4 dxc4 35. bxc4 Nf5 36. Bf2 Kg6 37. Kd3 Kf7 38. Be1 Ke7 39. Bb4+ Kd7 40. Bd2
Nd6 41. Be3 Kc6 42. Bd2 b6 43. Bc1 a6 44. Be3 b5 45. axb5+ axb5 46. cxb5+ Nxb5
47. Kc4 Nd6+ 48. Kd3 Kd5 49. Bd2 Nf5 50. Bc3 Nh4 51. Ke3 Ng2+ 52. Kd3 Nf4+ 53.
Ke3 Kc4 54. Ba5 Nd5+ 55. Ke4 Kb5 56. Bd2 Kc6 57. Be1 Kd7 58. Bd2 Ke8 59. Be1
Kf7 60. Bd2 Kg6 61. Be1 Kh5 62. Bg3 Ne7 63. Bf2 Kg6 64. Bg3 f5+ 65. Kd3 f4 66.
Be1 Kf5 67. Bf2 Ng6 68. Be1 Nh4 69. Ke2 Kf6 70. Bb4 Kf7 71. Bd6 Kg6 72. Be5 Kf5
73. Bc7 g4 74. fxg4+ Kxg4 75. Kf2 Kf5 76. Bd8 Ng6 77. Kf3 e5 78. dxe5 Nxe5+ 79.
Kf2 Ke4 80. Bh4 f3 81. Bg5 Nf7 82. Bf6 Nh6 83. Bg5 Ng4+ 84. Kg3 Ne5 85. Kf2
Nd3+ 86. Kf1 Kf5 87. Be3 Ke4 88. Bb6 Nf4 89. Kf2 Nd5 90. Ba7 Nb4 91. Bb6 Nd5
92. Ba7 Kf4 93. Bb8+ Kg4 94. Ba7 Nf4 95. Bb8 Nd3+ 96. Kf1 Nb2 97. Kf2 Nc4 98.
Bc7 Nb2 99. Bb8 {Rest nicht nachvollziehbar. ½-½ (ca.110)} 1/2-1/2

[Event "Frankfurt Ch A 2017"]
[Site "Ffm-Höchst, BiKuZ"]
[Date "2017.05.22"]
[Round "5.19"]
[White "Bittner, Peter"]
[Black "Rutsatz, Mario"]
[Result "1-0"]
[WhiteElo "1792"]
[BlackElo "1943"]
[PlyCount "109"]
[EventDate "2017.??.??"]
[WhiteTeam "SC Nied"]
[BlackTeam "SF Frankfurt"]

1. Nf3 c5 2. g3 g6 3. Bg2 Bg7 4. e3 Nc6 5. O-O e6 6. d4 b6 7. Re1 d5 8. c3 Nge7
9. Na3 O-O 10. Nc2 a5 11. a4 Ba6 12. Bf1 Bxf1 13. Kxf1 f5 14. Kg2 h6 15. Bd2 e5
16. dxe5 Nxe5 17. Nxe5 Bxe5 18. Qe2 Ra7 19. Rad1 Rd7 20. Bc1 Nc6 21. Nd4 Qf6
22. Nf3 Kh7 23. Nxe5 Nxe5 24. b3 Qc6 25. f3 c4 26. bxc4 dxc4 27. Rxd7+ Qxd7 28.
Qd1 Rd8 29. Qd4 Nxf3 30. Qxd7+ Rxd7 31. Kxf3 Rd3 32. Bb2 Rd2 33. Re2 Rd1 34. e4
Rd3+ 35. Kf4 fxe4 36. Kxe4 Kg7 37. Rc2 Kf6 38. Ba3 Ke6 39. Bf8 h5 40. Bg7 Rd1
41. Bd4 Re1+ 42. Be3 Kd6 43. Rb2 Kc7 44. Kd4 Kc6 45. Bf4 Ra1 46. Kxc4 Rxa4+ 47.
Kb3 b5 48. Ra2 Rxa2 49. Kxa2 Kd5 50. Kb3 Ke4 51. Bc7 a4+ 52. Kb4 Kd3 53. Be5
Kc2 54. Kxb5 a3 55. c4 1-0

[Event "Frankfurt Ch A 2017"]
[Site "Ffm-Höchst, BiKuZ"]
[Date "2017.05.22"]
[Round "5.20"]
[White "Egenolf, Dirk"]
[Black "Kautz, Thomas"]
[Result "1-0"]
[WhiteElo "1939"]
[BlackElo "1760"]
[PlyCount "65"]
[EventDate "2017.??.??"]
[WhiteTeam "SK Niederbrechen"]
[BlackTeam "SK Niederbrechen"]

1. e4 g6 2. d4 Bg7 3. Nc3 d6 4. Be3 c6 5. Qd2 b5 6. a3 a5 7. Nf3 Nf6 8. Bh6 O-O
9. Bxg7 Kxg7 10. d5 Bb7 11. dxc6 Bxc6 12. Bxb5 Bxb5 13. Nxb5 Nxe4 14. Qd5 Qb6
15. Nbd4 Qxb2 16. O-O Nd7 17. Qxe4 e5 18. Ne2 Nf6 19. Qc6 Rac8 20. Qxd6 Qxc2
21. Qd1 Rfd8 22. Qxc2 Rxc2 23. Rfe1 Rb8 24. Nxe5 Rbb2 25. Kf1 Ne4 26. Rac1 Nd2+
27. Kg1 Rxc1 28. Nxc1 Rc2 29. Ned3 Rc3 30. Re2 Nc4 31. a4 f6 32. Re7+ Kh6 33.
Rc7 1-0

[Event "Frankfurt Ch A 2017"]
[Site "Ffm-Höchst, BiKuZ"]
[Date "2017.05.22"]
[Round "5.21"]
[White "Budde, Michael"]
[Black "Schmieder, Stefan"]
[Result "1-0"]
[WhiteElo "1917"]
[BlackElo "1709"]
[PlyCount "57"]
[EventDate "2017.??.??"]
[WhiteTeam "SC Flörsheim"]
[BlackTeam "SC Bad Soden"]

1. d4 Nf6 2. Nf3 e6 3. g3 b6 4. Bg2 Bb7 5. O-O Be7 6. c4 O-O 7. Nc3 d5 8. Ne5
Nbd7 9. Bf4 c6 10. cxd5 exd5 11. Rc1 Nxe5 12. Bxe5 Bd6 13. e4 Bxe5 14. dxe5 d4
15. exf6 dxc3 16. fxg7 Re8 17. Rxc3 Qxd1 18. Rxd1 c5 19. Rd7 Bc6 20. Rc7 Rec8
21. Rxc6 Rxc6 22. e5 Rcc8 23. Bxa8 Rxa8 24. Rd3 Rc8 25. Rd7 Re8 26. f4 Kxg7 27.
Rxa7 Re6 28. Kf2 h6 29. g4 1-0

[Event "Frankfurt Ch A 2017"]
[Site "Ffm-Höchst, BiKuZ"]
[Date "2017.05.22"]
[Round "5.22"]
[White "Böhme, Jonas"]
[Black "Rau, Christian"]
[Result "0-1"]
[WhiteElo "1561"]
[BlackElo "1878"]
[PlyCount "64"]
[EventDate "2017.??.??"]
[WhiteTeam "SK Bad Homburg"]
[BlackTeam "SV Rüsselsheim"]

1. e4 e5 2. Nf3 Nc6 3. Bc4 Bc5 4. c3 Nf6 5. d4 exd4 6. cxd4 Bb4+ 7. Bd2 Bxd2+
8. Nbxd2 d5 9. exd5 Nxd5 10. O-O O-O 11. Re1 Nb6 12. Bb3 Bg4 13. Re4 Bh5 14.
Qe2 Bg6 15. Rg4 Re8 16. Ne5 Nxd4 17. Bxf7+ Bxf7 18. Qe4 Qd5 19. Qxd4 Qxd4 20.
Rxd4 Rxe5 21. a3 c5 22. Rd6 Rd5 23. Ne4 Rxd6 24. Nxd6 Bd5 25. Rc1 c4 26. Re1
Kf8 27. Re5 Rd8 28. Nb5 Bc6 29. Rf5+ Ke7 30. Re5+ Kf6 31. f4 Nd7 32. Rh5 g6 0-1

[Event "Frankfurt Ch A 2017"]
[Site "Ffm-Höchst, BiKuZ"]
[Date "2017.05.22"]
[Round "5.23"]
[White "Bratmann, Marc"]
[Black "Koch, Markus"]
[Result "1/2-1/2"]
[WhiteElo "1686"]
[BlackElo "2066"]
[PlyCount "93"]
[EventDate "2017.??.??"]
[WhiteTeam "TuS Dotzheim"]
[BlackTeam "SC Brett vorm Kopp"]

1. e4 d5 2. exd5 Qxd5 3. Nf3 Nf6 4. d4 Bg4 5. Be2 Nc6 6. O-O e6 7. c4 Qd6 8.
Be3 O-O-O 9. Nbd2 Be7 10. a3 h5 11. b4 Bxf3 12. Nxf3 Ng4 13. Qb3 e5 14. dxe5
Ncxe5 15. Bf4 g5 16. Bxe5 Nxe5 17. Rad1 Qf6 18. Nxe5 Qxe5 19. Rxd8+ Rxd8 20.
Qc2 c5 21. b5 f5 22. Rd1 Bd6 23. g3 h4 24. Rd5 Qa1+ 25. Qd1 Qxd1+ 26. Bxd1 Kc7
27. Bc2 f4 28. Rxg5 hxg3 29. hxg3 Re8 30. Kf1 fxg3 31. fxg3 Re3 32. Rd5 Rxg3
33. Rd3 Rg4 34. Bb3 Be5 35. Kf2 Bd4+ 36. Kf3 Rg7 37. Bd1 Kd6 38. Kf4 Rf7+ 39.
Ke4 Rf1 40. Rd2 Re1+ 41. Be2 Ra1 42. Rd3 Re1 43. Rd2 Ke6 44. Kf3 Ke5 45. Rd1
Rxd1 46. Bxd1 Bb2 47. Ke3 1/2-1/2

[Event "Frankfurt Ch A 2017"]
[Site "Ffm-Höchst, BiKuZ"]
[Date "2017.05.22"]
[Round "5.24"]
[White "Benikhis, Avram"]
[Black "Kuhn, Gerhard"]
[Result "0-1"]
[WhiteElo "1743"]
[BlackElo "1962"]
[PlyCount "36"]
[EventDate "2017.??.??"]
[WhiteTeam "SC Eschbach"]
[BlackTeam "SK Marburg"]

1. d4 Nf6 2. c4 g6 3. Nc3 d5 4. cxd5 Nxd5 5. e4 Nxc3 6. bxc3 e5 7. Bb2 Bg7 8.
Bb5+ Nd7 9. Qa4 O-O 10. Ne2 a6 11. Bxd7 Bxd7 12. Qa3 exd4 13. cxd4 Bb5 14. Rd1
Re8 15. Rd2 Bh6 16. Rd1 Qd7 17. h3 Bxe2 18. Kxe2 Qb5+ 0-1

[Event "Frankfurt Ch A 2017"]
[Site "Ffm-Höchst, BiKuZ"]
[Date "2017.05.22"]
[Round "5.25"]
[White "Illenberger, Dirk"]
[Black "Rudolph, Lukas"]
[Result "0-1"]
[WhiteElo "1737"]
[BlackElo "1914"]
[PlyCount "44"]
[EventDate "2017.??.??"]
[WhiteTeam "Berkershm"]
[BlackTeam "SK Niederbrechen"]

1. e4 d5 2. exd5 Qxd5 3. Nc3 Qa5 4. Bc4 c6 5. Qe2 Nf6 6. d3 Bg4 7. f3 Bf5 8. g4
Bg6 9. Bd2 Qc7 10. a4 Nbd7 11. f4 h6 12. f5 Bh7 13. Nf3 Nxg4 14. Bxf7+ Kxf7 15.
Qe6+ Ke8 16. O-O-O Nf2 17. Rde1 Nxh1 18. Ne4 Bg8 19. Qg6+ Kd8 20. Rxh1 Nf6 21.
Be1 Qf4+ 22. Nfd2 Qg4 0-1

[Event "Frankfurt Ch A 2017"]
[Site "Ffm-Höchst, BiKuZ"]
[Date "2017.05.22"]
[Round "5.26"]
[White "Adair, Robin"]
[Black "Beinrucker, Markus"]
[Result "1/2-1/2"]
[WhiteElo "1685"]
[BlackElo "1887"]
[PlyCount "42"]
[EventDate "2017.??.??"]
[WhiteTeam "SC Nidderau"]
[BlackTeam "SK Niederbrechen"]

1. c4 e6 2. Nf3 d5 3. d4 f5 4. g3 Nf6 5. Bg2 c6 6. Qc2 Bd6 7. b3 O-O 8. Bb2 Ne4
9. Nbd2 Nd7 10. e3 Qe7 11. a3 a5 12. O-O b6 13. cxd5 cxd5 14. Rfc1 Ba6 15. Bf1
Bxf1 16. Kxf1 Ndf6 17. a4 Rac8 18. Qd1 Rxc1 19. Qxc1 Qb7 20. Kg2 Qb8 21. Ne5
Rc8 1/2-1/2

[Event "Frankfurt Ch A 2017"]
[Site "Ffm-Höchst, BiKuZ"]
[Date "2017.05.22"]
[Round "5.27"]
[White "Pabel, Ralph"]
[Black "Krischak, Werner"]
[Result "0-1"]
[WhiteElo "1885"]
[BlackElo "1719"]
[PlyCount "58"]
[EventDate "2017.??.??"]
[WhiteTeam "SK Mainaschaff"]
[BlackTeam "SK Marburg"]

1. c4 c6 2. Nf3 Nf6 3. Nc3 d5 4. e3 Bg4 5. cxd5 Bxf3 6. gxf3 cxd5 7. Qb3 Qd7 8.
d4 e6 9. Rg1 Nc6 10. Bd2 g6 11. Rc1 Bd6 12. Na4 Rb8 13. Nc5 Qc7 14. Qa4 Bxc5
15. Rxc5 Nd7 16. Rc1 Nb6 17. Qa3 Qxh2 18. Rg3 Qh4 19. Bb5 Nd7 20. Rg1 Qe7 21.
Qd3 O-O 22. b3 Rfc8 23. Ke2 Nf6 24. Rh1 e5 25. Bxc6 bxc6 26. dxe5 Nh5 27. Bc3
Qe6 28. Qa6 c5 29. Ba1 Qxa6+ 0-1

[Event "Frankfurt Ch A 2017"]
[Site "Ffm-Höchst, BiKuZ"]
[Date "2017.05.22"]
[Round "5.28"]
[White "Vega Lopez de Nava, Cesar Octavi"]
[Black "Merten, Rainer"]
[Result "1-0"]
[WhiteElo "1859"]
[BlackElo "1709"]
[PlyCount "69"]
[EventDate "2017.??.??"]
[WhiteTeam "SV Rüsselsheim"]
[BlackTeam "SV Frankfurt Nord"]

1. e4 c5 2. Nf3 Nc6 3. d4 cxd4 4. Nxd4 e6 5. Nc3 a6 6. g3 Bb4 7. Bg2 Qc7 8. Nb3
Nf6 9. Bd2 O-O 10. O-O Rb8 11. f4 d6 12. g4 e5 13. g5 Qb6+ 14. Kh1 Ng4 15. f5
Nf2+ 16. Rxf2 Qxf2 17. Qh5 Bxc3 18. Rf1 Qxf1+ 19. Bxf1 Bxd2 20. Nxd2 Ne7 21.
Nf3 Nxf5 22. exf5 Bxf5 23. c3 b5 24. Nh4 Be6 25. Bd3 Bd5+ 26. Kg1 g6 27. Qd1
Bb7 28. Bc2 Rbd8 29. Bb3 Rfe8 30. Bd5 Bc8 31. Ng2 Re7 32. Ne3 Kg7 33. Qf3 Kg8
34. Qf6 Rdd7 35. Ng4 1-0

[Event "Frankfurt Ch A 2017"]
[Site "Ffm-Höchst, BiKuZ"]
[Date "2017.05.22"]
[Round "5.29"]
[White "Schmitt, Roland"]
[Black "Midanka, Vladimir Josef"]
[Result "1/2-1/2"]
[WhiteElo "1848"]
[BlackElo "1705"]
[PlyCount "165"]
[EventDate "2017.??.??"]
[WhiteTeam "SK Großsachsen"]
[BlackTeam "SC Brett vorm Kopp"]

1. d4 Nf6 2. Bf4 d6 3. Nc3 g6 4. Nf3 Bg7 5. g3 Nc6 6. Bg2 O-O 7. O-O Bf5 8. h3
Bd7 9. Kh2 Qc8 10. e4 Nh5 11. Bg5 h6 12. Be3 e5 13. d5 Ne7 14. Qd2 Kh7 15. Ne2
Nf6 16. Nc3 Nh5 17. Ne2 Nf6 18. Qd3 Nh5 19. Nd2 f5 20. f4 Nf6 21. c4 b6 22. b4
a6 23. Rac1 Qd8 24. c5 Bb5 25. Nc4 bxc5 26. bxc5 Nxe4 27. Bxe4 fxe4 28. Qxe4
Nf5 29. Bg1 h5 30. Rfd1 Re8 31. fxe5 Bxc4 32. Qxc4 Bxe5 33. Nf4 Qg5 34. Rd3
Nxg3 35. Ne6 Nf1+ 36. Kh1 Rxe6 37. dxe6 Ng3+ 38. Rxg3 Qxg3 39. Qf1 Qf4 40. Qxf4
Bxf4 41. Rf1 g5 42. Bd4 Re8 43. Re1 Kg6 44. Kg2 Kf5 45. e7 Be5 46. cxd6 cxd6
47. Rf1+ Ke6 48. Be3 Bf6 49. Re1 Kd7 50. Rb1 Rxe7 51. Kf2 Re4 52. Rb7+ Ke6 53.
Rb3 a5 54. Rb5 Re5 55. Rb8 g4 56. hxg4 hxg4 57. Rg8 Bh4+ 58. Ke2 Re4 59. a3 Bf6
60. Kd3 Ra4 61. Bc1 d5 62. Kc2 Rc4+ 63. Kd1 a4 64. Bd2 Kf7 65. Rb8 g3 66. Rb7+
Ke6 67. Rb6+ Kf5 68. Be3 Bd4 69. Bxd4 Rxd4+ 70. Ke2 g2 71. Kf2 Rd2+ 72. Kg1 Ra2
73. Rb8 d4 74. Rb4 Rxa3 75. Rxd4 Ra2 76. Rd8 Kf4 77. Ra8 Kf3 78. Rf8+ Ke3 79.
Re8+ Kf3 80. Rf8+ Ke4 81. Re8+ Kf3 82. Rf8+ Ke3 83. Re8+ 1/2-1/2

[Event "Frankfurt Ch A 2017"]
[Site "Ffm-Höchst, BiKuZ"]
[Date "2017.05.22"]
[Round "5.30"]
[White "Ottenburg, Ralph"]
[Black "Stoll, Ulrich"]
[Result "1/2-1/2"]
[WhiteElo "1833"]
[BlackElo "1704"]
[PlyCount "77"]
[EventDate "2017.??.??"]
[WhiteTeam "SF Frankfurt"]
[BlackTeam "Bad Vilbeler Sfr"]

1. e4 d5 2. exd5 Qxd5 3. Nc3 Qd6 4. d4 c6 5. Nf3 Bg4 6. Be2 Nf6 7. h3 Bh5 8. g4
Bg6 9. Ne5 Nbd7 10. Nxg6 hxg6 11. Qd3 e6 12. Bd2 O-O-O 13. O-O-O Nb6 14. Bg5
Be7 15. Qf3 Nfd5 16. Ne4 Bxg5+ 17. Nxg5 Qf4+ 18. Qxf4 Nxf4 19. Bf3 Rd7 20. h4
Nbd5 21. Ne4 Nc7 22. Nc5 Rd6 23. Ne4 Rd7 24. Nc5 Rd6 25. c3 Ncd5 26. Bxd5 exd5
27. Nd3 Nxd3+ 28. Rxd3 Re6 29. Re3 Rxe3 30. fxe3 Kd7 31. Kd2 b5 32. Kd3 Re8 33.
Rf1 Re7 34. Rf4 Kd6 35. e4 a5 36. e5+ Ke6 37. g5 Re8 38. b3 a4 39. b4 1/2-1/2

[Event "Frankfurt Ch A 2017"]
[Site "Ffm-Höchst, BiKuZ"]
[Date "2017.05.22"]
[Round "5.31"]
[White "Kulenovic, Adnan"]
[Black "Henrich, Frederik"]
[Result "1-0"]
[WhiteElo "1821"]
[BlackElo "1693"]
[PlyCount "119"]
[EventDate "2017.??.??"]
[WhiteTeam "SV Kinzigtal"]
[BlackTeam "SV Hofheim"]

1. a3 e5 2. e3 d6 3. c4 Nf6 4. Nc3 Bf5 5. g3 g6 6. Bg2 c6 7. d3 Bg7 8. Nge2 O-O
9. O-O Qc8 10. b4 Bh3 11. Ra2 Bxg2 12. Kxg2 h5 13. f3 Nbd7 14. e4 Nh7 15. Be3
Ndf6 16. Qd2 Qd7 17. d4 a6 18. Rd1 Rad8 19. d5 cxd5 20. exd5 Ne8 21. c5 f5 22.
f4 e4 23. Nd4 Nc7 24. Nb3 Bxc3 25. Qxc3 Nf6 26. Rad2 Ng4 27. cxd6 Nxe3+ 28.
Qxe3 Qxd6 29. Nc5 Rb8 30. Qb3 Kh7 31. Ne6 Rfe8 32. Qc3 Re7 33. Nxc7 Rxc7 34.
Qe5 Rd8 35. a4 Rc4 36. Qxd6 Rxd6 37. Rd4 Rc2+ 38. R1d2 Rc3 39. Kf1 Kg7 40. Ke2
Rc1 41. Rb2 b6 42. Kd2 Rc7 43. Rc2 Rxc2+ 44. Kxc2 b5 45. axb5 axb5 46. Kc3 Kf6
47. Rd1 Ke7 48. Kd4 Kd7 49. Kc5 Kc7 50. Kxb5 Rb6+ 51. Kc5 Ra6 52. b5 Ra2 53.
b6+ Kb7 54. Kd6 e3 55. Re1 e2 56. Ke7 Kxb6 57. d6 Ra7+ 58. d7 Kc6 59. Rc1+ Kb6
60. Ke8 1-0

[Event "Frankfurt Ch A 2017"]
[Site "Ffm-Höchst, BiKuZ"]
[Date "2017.05.22"]
[Round "5.32"]
[White "Makilla, Tobias"]
[Black "Ackermann, Robert"]
[Result "1-0"]
[WhiteElo "1791"]
[BlackElo "1683"]
[Annotator "Schloessner,Henrik"]
[PlyCount "93"]
[EventDate "2017.??.??"]
[WhiteTeam "SC Hattersheim"]
[BlackTeam "SC Bad Soden"]

1. e4 d6 2. d4 Nf6 3. Bd3 g6 4. f4 Bg7 5. Nf3 O-O 6. c4 c5 7. d5 e6 8. O-O exd5
9. exd5 Bg4 10. Nc3 a6 11. Qc2 Nbd7 12. Nd2 Nb6 13. f5 Nbd7 14. fxg6 hxg6 15.
h3 Bh5 16. g4 Bxg4 17. hxg4 Nxg4 18. Nf3 Nde5 19. Bf4 Nxf3+ 20. Rxf3 Bd4+ 21.
Kg2 Ne5 22. Rg3 Nxd3 23. Qxd3 Qb6 24. b3 Rfe8 25. Bh6 Qc7 26. Rf1 Qe7 27. Re1
Qd7 $4 (27... Qxe1 28. Rxg6+ fxg6 29. Qxg6+ Kh8 30. Bg7+ Bxg7) 28. Rxg6+ fxg6
29. Qxg6+ Bg7 30. Rxe8+ Rxe8 31. Bxg7 Qf7 32. Qxf7+ Kxf7 33. Bh6 Rg8+ 34. Kf2
Ke8 35. Ne4 Rg6 36. Bf4 Kd7 37. Bxd6 b6 38. Be5 Rh6 39. Nf6+ Kd8 40. d6 Rh1 41.
Nd5 b5 42. Nb6 Rh6 43. Ke3 bxc4 44. bxc4 a5 45. a4 Rg6 46. Ke4 Rh6 47. Kf5 1-0

[Event "Frankfurt Ch A 2017"]
[Site "Ffm-Höchst, BiKuZ"]
[Date "2017.05.22"]
[Round "5.33"]
[White "Zeyen, Helmut"]
[Black "Varma, Christopher"]
[Result "0-1"]
[WhiteElo "1682"]
[BlackElo "1783"]
[PlyCount "103"]
[EventDate "2017.??.??"]
[WhiteTeam "Wiesbadener SV"]
[BlackTeam "SC Bad Nauheim"]

1. e4 e6 2. Qe2 Be7 3. g3 d5 4. Bg2 Nf6 5. d3 c5 6. Nf3 O-O 7. O-O Nc6 8. c4 b6
9. b3 Bb7 10. Bb2 a6 11. Na3 Nb4 12. Rfd1 Qc7 13. Be5 Qc8 14. Bxf6 Bxf6 15. e5
Be7 16. Nc2 Nxc2 17. Qxc2 Qc7 18. Qe2 Rad8 19. Nd2 Rd7 20. f4 Rfd8 21. Nf3 b5
22. Bh3 Qc6 23. Bg2 Qb6 24. Bh3 g6 25. Bg2 Bc6 26. h4 Qb7 27. h5 a5 28. g4 dxc4
29. dxc4 b4 30. Rxd7 Qxd7 31. hxg6 fxg6 32. Rf1 Qd3 33. Qxd3 Rxd3 34. Rf2 a4
35. bxa4 Bxa4 36. Kh2 Rc3 37. f5 gxf5 38. gxf5 exf5 39. Nd2 Bc2 40. Bd5+ Kf8
41. Rg2 Ke8 42. Rg8+ Kd7 43. Ra8 Bg5 44. Ra7+ Kd8 45. Ra8+ Kc7 46. Ra7+ Kb6 47.
Rb7+ Ka6 48. Nf3 Bf4+ 49. Kg2 Be4 50. Bxe4 fxe4 51. Re7 exf3+ 52. Kf2 0-1

[Event "Frankfurt Ch A 2017"]
[Site "Ffm-Höchst, BiKuZ"]
[Date "2017.05.22"]
[Round "5.34"]
[White "Bergmann, Michael"]
[Black "Worzelberger, Armin"]
[Result "1-0"]
[WhiteElo "1666"]
[BlackElo "1770"]
[PlyCount "75"]
[EventDate "2017.??.??"]
[WhiteTeam "SF Frankfurt"]
[BlackTeam "SC Grunbach"]

1. e4 c6 2. d4 g6 3. Nf3 d6 4. Bd3 Bg7 5. Be3 b5 6. O-O h5 7. a4 b4 8. c3 bxc3
9. Nxc3 Nf6 10. h3 a5 11. e5 Nd5 12. Nxd5 cxd5 13. exd6 Qxd6 14. Qd2 O-O 15.
Rfc1 Qb4 16. Rc5 e6 17. Qc2 Ba6 18. Bb5 Nd7 19. Bd2 Qxc5 20. dxc5 Bc8 21. c6
Nf6 22. Rb1 Ne4 23. b4 e5 24. bxa5 f5 25. Bb4 Rf7 26. Rd1 Be6 27. Nd2 Nf6 28.
Nb3 e4 29. Nc5 Bc8 30. Nb7 f4 31. Nd6 Be6 32. Nxf7 Kxf7 33. c7 g5 34. Rc1 Rc8
35. Ba6 d4 36. Bxc8 Bxc8 37. Qc4+ Kg6 38. Qxd4 1-0

[Event "Frankfurt Ch A 2017"]
[Site "Ffm-Höchst, BiKuZ"]
[Date "2017.05.22"]
[Round "5.35"]
[White "Weiland, Thomas"]
[Black "Moritz, Dennis"]
[Result "1/2-1/2"]
[WhiteElo "1767"]
[BlackElo "1526"]
[PlyCount "82"]
[EventDate "2017.??.??"]
[WhiteTeam "SV Oberursel"]
[BlackTeam "SK Hungen"]

1. e4 g6 2. d4 Bg7 3. f4 c5 4. c3 cxd4 5. cxd4 e6 6. Nf3 Ne7 7. Nc3 O-O 8. Be3
b6 9. Bd3 Bb7 10. O-O d6 11. Rc1 Na6 12. a3 Nc7 13. Qe2 Qd7 14. Rfd1 Rfc8 15.
Ng5 Ne8 16. Ba6 h6 17. Nf3 Nf6 18. Bxb7 Qxb7 19. Bf2 a6 20. h3 Nh5 21. Qe3 Nf6
22. g4 Re8 23. Rc2 b5 24. Rdc1 Rac8 25. g5 hxg5 26. fxg5 Nh5 27. Ne2 Rxc2 28.
Rxc2 d5 29. e5 Rc8 30. Qc1 Rxc2 31. Qxc2 Qc6 32. Qxc6 Nxc6 33. Be1 Bf8 34. Kg2
Be7 35. h4 Bd8 36. Kh3 Na5 37. Bxa5 Bxa5 38. Kg4 Ng7 39. Ng3 Bb6 40. Kf4 Kf8
41. Kg4 Kg8 1/2-1/2

[Event "Frankfurt Ch A 2017"]
[Site "Ffm-Höchst, BiKuZ"]
[Date "2017.05.22"]
[Round "5.37"]
[White "Wagner, Günter"]
[Black "Diehl, Stefan"]
[Result "1/2-1/2"]
[WhiteElo "1666"]
[BlackElo "1749"]
[PlyCount "42"]
[EventDate "2017.??.??"]
[WhiteTeam "SV Groß-Gerau"]
[BlackTeam "SC Höchst"]

1. Nf3 Nf6 2. g3 g6 3. Bg2 Bg7 4. c4 O-O 5. O-O d5 6. cxd5 Nxd5 7. Nc3 c6 8. e4
Nf6 9. e5 Nd5 10. d4 Na6 11. Re1 Nac7 12. Be3 Bg4 13. h3 Bxf3 14. Bxf3 e6 15.
Bg4 Qe7 16. h4 Nxe3 17. Rxe3 Rad8 18. Rd3 Qb4 19. a3 Qe7 20. b4 Rd7 21. f4 h5
1/2-1/2

[Event "Frankfurt Ch A 2017"]
[Site "Ffm-Höchst, BiKuZ"]
[Date "2017.05.22"]
[Round "5.38"]
[White "Hambel, Christoph"]
[Black "Benninger, Rudolf"]
[Result "1-0"]
[WhiteElo "1637"]
[BlackElo "1958"]
[PlyCount "71"]
[EventDate "2017.??.??"]
[WhiteTeam "Bad Vilbeler Sfr"]
[BlackTeam "SC Heusenstamm"]

1. c4 g6 2. Nc3 Bg7 3. g3 c5 4. Bg2 Nc6 5. d3 d6 6. e4 e6 7. Nge2 Nge7 8. O-O
O-O 9. Be3 Nd4 10. Qd2 f5 11. f4 Bd7 12. Rae1 Bc6 13. b4 a6 14. Bf2 b5 15. Nxd4
cxd4 16. Ne2 e5 17. c5 dxc5 18. bxc5 Qd7 19. fxe5 Bxe5 20. Qb4 a5 21. Qb3+ Kh8
22. Nf4 Bxf4 23. gxf4 Rad8 24. Bh4 Rde8 25. Bh3 Ng8 26. Re2 Nf6 27. Rfe1 Nh5
28. Bg5 a4 29. Qb2 Qg7 30. exf5 gxf5 31. Re7 Rxe7 32. Rxe7 Rf7 33. Rxf7 Qxf7
34. Qxd4+ Kg8 35. Qd8+ Kg7 36. Bh6+ 1-0

[Event "Frankfurt Ch A 2017"]
[Site "Ffm-Höchst, BiKuZ"]
[Date "2017.05.22"]
[Round "5.39"]
[White "Zimmer, Gerald"]
[Black "Mügendt, Brian Christopher"]
[Result "1-0"]
[WhiteElo "1863"]
[BlackElo "1621"]
[PlyCount "31"]
[EventDate "2017.??.??"]
[WhiteTeam "SC Bergen-Enkheim"]
[BlackTeam "SC Heusenstamm"]

1. d4 d5 2. c4 e6 3. Nc3 Nf6 4. cxd5 exd5 5. Bg5 Be7 6. e3 O-O 7. Bd3 Nbd7 8.
Nf3 c5 9. O-O c4 10. Bc2 b5 11. Ne5 Nxe5 12. dxe5 Ne4 13. Bxe7 Nxc3 14. Qh5
Ne2+ 15. Kh1 g6 16. Qh4 1-0

[Event "Frankfurt Ch A 2017"]
[Site "Ffm-Höchst, BiKuZ"]
[Date "2017.05.22"]
[Round "5.40"]
[White "Hofmann, Werner"]
[Black "Grossjohann, Daniel"]
[Result "0-1"]
[WhiteElo "1590"]
[BlackElo "1852"]
[PlyCount "98"]
[EventDate "2017.??.??"]
[WhiteTeam "SV Kelsterbach"]
[BlackTeam "SC Bad Soden"]

1. d4 Nf6 2. e3 g6 3. Bd3 Bg7 4. Nd2 O-O 5. f4 d5 6. Ngf3 Nc6 7. c3 Ng4 8. Qe2
f5 9. O-O Nf6 10. b3 Ne4 11. Bb2 e6 12. Ne5 Nxe5 13. fxe5 c6 14. c4 Nxd2 15.
Qxd2 b6 16. Rac1 Bb7 17. c5 Qg5 18. Rf3 Rfc8 19. Rg3 Qd8 20. b4 Bf8 21. Rf3 a5
22. a3 bxc5 23. bxc5 Ba6 24. Rff1 Bxd3 25. Qxd3 Rcb8 26. Rb1 a4 27. Ba1 Bh6 28.
Bc3 Qc8 29. Bb4 Qa6 30. Qd2 Rb7 31. Rfe1 Rab8 32. Qf2 Qd3 33. Rbd1 Qe4 34. Qf3
Qc2 35. Rd2 Qc4 36. Rde2 Bg5 37. Qg3 Bd8 38. Qf2 Qa6 39. Rb2 Ba5 40. Qd2 Bxb4
41. Rxb4 Rxb4 42. axb4 Qc4 43. Rb1 a3 44. Qe1 Qd3 45. Kf2 Qc2+ 46. Kg1 a2 47.
Ra1 Qb2 48. Kf1 Kf7 49. Qc1 Rxb4 0-1